Introducción a la programación orientada a objetos /
Guardado en:
| Autor Principal: | |
|---|---|
| Otros Autores: | |
| Formato: | Libro |
| Publicado: |
Buenos Aires :
Addison-wesley Iberoamericana,
1994
|
| Materias: | |
| Etiquetas: |
Agregar Etiqueta
Sin Etiquetas, Sea el primero en etiquetar este registro!
|
| LEADER | 01593nam a22002415a 4500 | ||
|---|---|---|---|
| 001 | CEM.cems009443 | ||
| 005 | 20081209100217.0 | ||
| 008 | 130507s1994##################000#0#####d | ||
| 003 | CEMS | ||
| 020 | |a 0201601036 | ||
| 082 | 0 | 4 | |a 001.6424 |
| 100 | 1 | |a Budd, Timothy | |
| 245 | 1 | 0 | |a Introducción a la programación orientada a objetos / |c Timothy Budd ; traducción de Judith L. García González |
| 260 | |a Buenos Aires : |b Addison-wesley Iberoamericana, |c 1994 | ||
| 300 | |a 409 p. | ||
| 505 | 0 | |a Pensar al estilo orientado a objetos -- Diseño dirigido por responsabilidades -- Clases y métodos -- Mensajes, ejemplares e iniciación -- Estudio de casos: las ocho reinas -- Herencia -- Enlace estático y dinámico -- Estudio de caso: aritmética de tipo mixto -- Reemplazo y refinamiento -- Estudio de caso: el solitario -- Herencia de tipos -- Herencia múltiple -- Polimorfismo -- Estudio de caso: colecciones en Smaltalk -- Visibilidad y dependencia -- Estudio de caso: un juego de billar -- Estudio de caso: clases contenedoras en C++ -- Una segunda mirada en las clases -- Implantación -- Información adicional -- Código fuente para el acertijo de las ocho reinas -- Código fuente para el juego del solitario -- Código fuente para el juego de billar -- Código fuente para clases contenedoras | |
| 653 | |a Computación | ||
| 653 | |a Informática | ||
| 653 | |a Lenguajes de programación-orientada a objetos | ||
| 653 | |a Programación-computación | ||
| 653 | |a Software | ||
| 700 | 1 | |a García González, Judith L. | |
| 859 | |a CEMS |b BIB. CEMS - 11 de abril |h 001.6424 |i B858 |p 19202.97 |t Ej.1 | ||
